Čínska iniciatíva Belt and Road v EÚ na príklade Grécka
Charakteristika Novej hodvábnej cesty (iniciatíva Pásmo a cesta, Belt & Road Initiative – BRI), so zameraním na dôvody spolupráce medzi Čínou, Gréckom a Európskou úniou v súvislosti s touto iniciatívou a so zahraničnoobchodnými, investičnými a medzivládnymi vzťahmi s Čínou. Analýza grécko-čínskych z...
Gespeichert in:
| 1. Verfasser: | |
|---|---|
| Format: | Buchkapitel |
| Sprache: | Slowakisch |
| Schlagworte: | |
| Tags: |
Keine Tags, Fügen Sie das erste Tag hinzu!
|
MARC
| LEADER | 00000naa$a2200000$$$4500 | ||
|---|---|---|---|
| 001 | 0281309 | ||
| 005 | 20240502074356.8 | ||
| 041 | 0 | |a slo | |
| 044 | |a SK | ||
| 245 | 1 | 0 | |a Čínska iniciatíva Belt and Road v EÚ na príklade Grécka |c Barbora Družbacká |
| 520 | |a Charakteristika Novej hodvábnej cesty (iniciatíva Pásmo a cesta, Belt & Road Initiative – BRI), so zameraním na dôvody spolupráce medzi Čínou, Gréckom a Európskou úniou v súvislosti s touto iniciatívou a so zahraničnoobchodnými, investičnými a medzivládnymi vzťahmi s Čínou. Analýza grécko-čínskych zahraničnoobchodných vzťahov v poslednom desaťročí, v rámci ktorého bola spustená aj BRI. Zhodnotenie zahraničného obchodu Grécka a Číny na základe Indexu obchodnej intenzity. Investície ako jeden z najvýznamnejších čínskych „nástrojov“ na realizáciu BRI, s poukázaním na sektory, do ktorých Čína v Grécku investuje a detailným vysvetlením investície v gréckom prístave Pireus ako jedného z najdôležitejších uzlov BRI a patriaceho medzi najvýznamnejšie investície Číny v EÚ. | ||
| 610 | 2 | 0 | |a Čína |
| 610 | 2 | 0 | |a Grécko |
| 610 | 2 | 0 | |a Európska únia |
| 610 | 2 | 0 | |a obchod medzinárodný |
| 610 | 2 | 0 | |a obchod zahraničný |
| 610 | 2 | 0 | |a vzťahy obchodné |
| 610 | 2 | 0 | |a investície zahraničné |
| 610 | 2 | 0 | |a kooperácia hospodárska medzinárodná |
| 610 | 2 | 0 | |a spolupráca medzinárodná |
| 100 | 1 | |a Družbacká, Barbora, 1995- | |